Biotechnology

保存先:
書誌詳細
第一著者: Smith, John E.
フォーマット: 図書
言語:Undetermined
出版事項: London Edward Arnold 1988
主題:
タグ: タグ追加
タグなし, このレコードへの初めてのタグを付けませんか!
Thư viện lưu trữ: Trung tâm Học liệu Trường Đại học Cần Thơ
LEADER 00452nam a2200181Ia 4500
001 CTU_79983
008 210402s9999 xx 000 0 und d
082 |a 660.6 
082 |b S642 
100 |a Smith, John E. 
245 0 |a Biotechnology 
245 0 |c John E. Smith 
260 |a London 
260 |b Edward Arnold 
260 |c 1988 
650 |a Biotechnology 
904 |i Trọng Hải 
980 |a Trung tâm Học liệu Trường Đại học Cần Thơ